Homo viator : (Record n. 357886)
[ formato base ]
| 000 -LEADER | |
|---|---|
| fixed length control field | 01065nam a2200301 i 4500 |
| 001 - CONTROL NUMBER | |
| control field | 000000303635 |
| 003 - CONTROL NUMBER IDENTIFIER | |
| control field | IT-MiSPE |
| 005 - DATE AND TIME OF LATEST TRANSACTION | |
| control field | 20180514162717.0 |
| 008 - FIXED-LENGTH DATA ELEMENTS--GENERAL INFORMATION | |
| fixed length control field | 031004s1980 xx 000 b ita c |
| 020 ## - INTERNATIONAL STANDARD BOOK NUMBER | |
| International Standard Book Number | 9788826300559 |
| Terms of availability | 25.50 EUR |
| 040 ## - CATALOGING SOURCE | |
| Original cataloging agency | IT-MiSPE |
| Language of cataloging | ita |
| Transcribing agency | IT-MiSPE |
| 041 ## - LANGUAGE CODE | |
| Language code of original | fre |
| 082 ## - DEWEY DECIMAL CLASSIFICATION NUMBER | |
| Classification number | 110-MAR ga ho (23164) |
| 100 1# - MAIN ENTRY--PERSONAL NAME | |
| Personal name | Marcel, Gabriel, |
| Dates associated with a name | 1889-1973. |
| 9 (RLIN) | 57206 |
| 240 10 - UNIFORM TITLE | |
| Uniform title | Homo viator. Italiano. 1980 |
| 245 10 - TITLE STATEMENT | |
| Title | Homo viator : |
| Remainder of title | prolegomeni di una metafisica della speranza / |
| Statement of responsibility, etc. | di Gabriel Marcel ; traduzione di Luigi Castiglione e Mario Rettori. |
| 260 ## - PUBLICATION, DISTRIBUTION, ETC. (IMPRINT) | |
| Place of publication, distribution, etc. | Roma : |
| Name of publisher, distributor, etc. | Borla, |
| Date of publication, distribution, etc. | [1980] |
| 300 ## - PHYSICAL DESCRIPTION | |
| Extent | 315 p. ; |
| Dimensions | 21 cm |
| 490 1# - SERIES STATEMENT | |
| Series statement | Classici Borla |
| 500 ## - GENERAL NOTE | |
| General note | Tit. orig.: Homo viator. Italiano. 1980 |
| 655 07 - INDEX TERM--GENRE/FORM | |
| Genre/form data or focus term | Filosofi di lingua francese posteriori al 1920 |
| General subdivision | Marcel Gabriel, 1889-1973. |
| Source of term | local |
| 9 (RLIN) | 57207 |
| 700 1# - ADDED ENTRY--PERSONAL NAME | |
| Personal name | Castiglione, Luigi, |
| Relator term | tr. |
| 9 (RLIN) | 57208 |
| 700 1# - ADDED ENTRY--PERSONAL NAME | |
| Personal name | Rettori, Mario, |
| Relator term | tr. |
| 9 (RLIN) | 57209 |
| 830 #0 - SERIES ADDED ENTRY--UNIFORM TITLE | |
| Uniform title | Classici Borla. |
| 9 (RLIN) | 57210 |
| 942 ## - ADDED ENTRY ELEMENTS (KOHA) | |
| Source of classification or shelving scheme | Dewey Decimal Classification |
| Koha item type | LIBRO |
| Withdrawn status | Lost status | Source of classification or shelving scheme | Damaged status | Not for loan | Home library | Current library | Date acquired | Total Checkouts | Full call number | Barcode | Date last seen | Price effective from | Koha item type |
|---|---|---|---|---|---|---|---|---|---|---|---|---|---|
| Dewey Decimal Classification | Buone Condizioni | Not For Loan | CINISELLO | CINISELLO | 14/05/2018 | 110-MAR ga ho (23164) | 9788826300559 | 14/05/2018 | 14/05/2018 | LIBRO |